00664nam a22002297a 450000500170000000800410001702000180005804000080007605000200008410000210010424500580012525000110018326000290019430000180022333700100024133800140025133900120026550000150027794200070029295201180029999900170041720231102151721.0140910b2007 mx a|||g |||| 00| 0 spa d a970-666-726-1 aRDA aPQ4318 D36 2007 aALIGHIERI, Dante aLa divina comediab: el purgatorioc/ Dante Alighieri a3a ed. aMéxicob: Tomoc, 2007 a271 páginas atexto asin medio avolumen aLiteratura cLB 00102lcc4070a14b14d2014-09-10l2oPQ4318 D36 2007p14 002518r2022-06-21s2016-01-13t1 V.2w2014-09-10yLB c93968d93968